000 00242nam a22001097a 4500
082 _a621.384 TUC'R
100 _aTUCKER, JOHN D,WILKINSON, DONALD F
_979926
245 _aRADIO
250 _aVOL-1
260 _aLONDON
_bEUP
_c1952
942 _cBK
999 _c584906
_d584906